Oeuvre complete

Saved in:
Bibliografiske detaljer
Main Authors: Le Corbusier (Author), Jeanneret, Pierre (Author)
Format: Bog
Sprog:fransk
Udgivet: Zurich Les Editions d'Architecture 1966
Udgivelse:4a. ed
Fag:
Tags: Tilføj Tag
Ingen Tags, Vær først til at tagge denne postø!

MARC

LEADER 00000nam a2200000 a 4500
001 UCN0571
003 CL-VaPUC
008 010330e19660000SZ |||||||||||||||||fre|d
082 0 4 |a 787.87193  |b LEC  |2 21 
100 |a Le Corbusier  |e author  |9 265037 
700 0 |a Jeanneret, Pierre  |e author  |9 455837 
245 1 0 |a Oeuvre complete 
250 |a 4a. ed 
300 |a 7 v 
942 |c BK 
945 |d 20010330 00:00:00  |a crobeson 
260 |a Zurich  |b Les Editions d'Architecture  |c 1966 
500 |a v.1: 1910-1929 
500 |a v.2: 1929-1934 
500 |a v.3: 1934-1938 
500 |a v.4: 1938-1946 
500 |a v.5: 1946-1952 
500 |a v.6: 1956-1957 
500 |a v.7: 1957-1965 
650 0 |a Arquitectura moderna  |9 265021 
650 0 |a Teoría arquitectónica  |9 455838 
650 0 |a Urbanismo  |9 255208 
650 0 |a Arquitectura  |y Siglo 20  |9 266208 
583 |a last modification  |c 20160912 05:11:23  |k Rodrigo Vera 
999 |c 294305  |d 294303 
952 |0 0  |1 0  |4 0  |6 787_871930000000000_LEC_1966  |7 0  |8 R  |9 346564  |a BIBARQ  |b BIBARQ  |d 2019-11-20  |h v.6  |i 1245805  |o 787.87193 LEC 1966  |p 1245805  |r 2025-01-20  |w 2019-11-20  |y BK_R  |k ARQ